| 000 | 00919nam a2200229 a 4500 | ||
|---|---|---|---|
| 005 | 20180803165139.0 | ||
| 008 | 140313b2002 cl ao gr|||| 000 0 spa d | ||
| 040 |
_aCO-BoIAVH _cCO-BoIAVH |
||
| 041 | 0 | _aspa | |
| 044 | _acl | ||
| 082 | 0 | 4 |
_a630 _bR31s |
| 110 | 2 | _bRed de Cooperación Técnica en Biotecnología Vegetal para América Latina y el Caribe | |
| 245 | 1 | 0 |
_aSistema de información en biotecnología agropecuaria : _bInfoREDBIO / _cRed de Cooperación Técnica en Biotecnología Vegetal para América Latina y el Caribe |
| 260 |
_aSantiago : _bREDBIO : _bFAO , _c2002? |
||
| 300 |
_a1 folleto plegable ( incluye 3 fichas) : _bIlustraciones, fotos _c30 x 21 cm. _eCarpeta |
||
| 650 | 1 | 6 | _aRedes de información |
| 650 | 2 | 6 | _aSistemas de información |
| 650 | 2 | 6 | _aEducación a distancia |
| 650 | 1 | 6 | _aBiotecnología |
| 650 | 2 | 6 | _aBioseguridad |
| 942 |
_cFolleto _2ddc |
||
| 999 |
_c4022 _d4022 |
||